000
00325nam a2200133Ia 4500
008
191206s9999 xx 000 0 und d
020
_a
797431241
090
_a
MLCS200600153
245
0
_a
"Whose daughter, my child?"
260
_a
Amerdon Media
260
_c
c[2006]
300
_a
87 p. ; 21 cm.
999
_c
17290
_d
17290